De la vida y de la muerte / (Record no. 130048)

MARC details
000 -LEADER
campo de control de longitud fija 00643nam a2200193 i 4500
001 - NÚMERO DE CONTROL
campo de control 130048
003 - IDENTIFICADOR DE NÚMERO DE CONTROL
campo de control ES-MaACL
007 - CAMPO FIJO DE DESCRIPCIÓN FÍSICA--INFORMACIÓN GENERAL
campo de control de longitud fija t|
008 - DATOS DE LONGITUD FIJA--INFORMACIÓN GENERAL
campo de control de longitud fija 070717s1984 sp ||||1| spa d
100 1# - ENTRADA PRINCIPAL--NOMBRE DE PERSONA
Nombre de persona Zunzunegui, Juan Antonio de.
9 (RLIN) 118511
245 10 - MENCIÓN DEL TÍTULO
Título De la vida y de la muerte /
Mención de responsabilidad, etc. Juan Antonio de Zunzunegui ; prólogo de María Pilar García Madrazo.
260 ## - PUBLICACIÓN, DISTRIBUCIÓN, ETC.
Lugar de publicación, distribución, etc. Madrid :
Nombre del editor, distribuidor, etc. Espasa-Calpe,
Fecha de publicación, distribución, etc. 1984.
300 ## - DESCRIPCIÓN FÍSICA
Extensión 472 p. ;
Dimensiones 17 cm.
490 1# - MENCIÓN DE SERIE
Mención de serie Selecciones austral ;
Designación de volumen o secuencia 127
700 1# - ENTRADA AGREGADA--NOMBRE PERSONAL
Nombre de persona García Madrazo, María Pilar.
9 (RLIN) 54875
830 0# - PUNTO DE ACCESO ADICIONAL DE SERIE-TÍTULO UNIFORME
Título uniforme Selecciones austral ;
Designación de volumen o secuencia 127
9 (RLIN) 176520
852 ## - LOCALIZACIÓN
Ubicación ES-MaACL
Número de control de estantería L-6171
Sublocalización o colección R.106720
Holdings
Estatus retirado Estado de pérdida Estado de daño No para préstamo Biblioteca de origen Biblioteca actual Ubicación en estantería Fecha de adquisición Fuente de adquisición Total de préstamos Signatura topográfica completa Código de barras Visto por última vez Precio de reemplazo Tipo de ítem Koha
        Biblioteca del Ateneo de Madrid Biblioteca del Ateneo de Madrid Depósito 2 17/01/2008     L-6171 1135412 23/02/2023 23/02/2023 Libro impreso